| 000 | 00531nam a2200193Ia 4500 | ||
|---|---|---|---|
| 003 | IN-BaIIA | ||
| 008 | 211028s9999 xx 000 0 eng d | ||
| 020 | _a03-075385-6 | ||
| 040 | _cIIA Library | ||
| 080 |
_a535.215.2 _bSIN |
||
| 100 |
_aSinclair, Douglas C _96346 |
||
| 245 | 0 |
_aGas laser technology _cDouglas C. Sinclair and Eral W. Bell |
|
| 260 |
_aNew York _bHolt Rinehard and Winston _c1969 |
||
| 300 | _axiii, 161p. | ||
| 650 |
_aLasers _93580 |
||
| 650 | _aNASA Thesaurus | ||
| 700 |
_aBell, Eral W _96347 |
||
| 942 | _cBK | ||
| 999 |
_c3585 _d3585 |
||